000 00498nam a2200193Ia 4500
001 22594
003 IN-NITTTR
005 20251114233255.0
008 251113s9999||||xx |||||||||||||| ||eng||
040 _beng
040 _cIN-NITTTR
041 _aeng
082 _a621.3692 G341U
100 _aGhatak, Ajoy
245 0 _aUnderstanding fiber optics on A PC. /
_cGhatak, Ajoy, Sharma, Anurag, Tewari, Ramanand
700 _a Sharma, Anurag
700 _a Tewari, Ramanand
942 _2ddc
_cBK
999 _c25223
_d25223